000
00325 a2200121 4500
000
nam a22 7a 4500
005
20260312115000.0
020
_a
9781032937304
100
_a
Amy Allen
_9
1000180
245
_a
The Power of Feminist Theory : Domination, Resistance, Solidarity
260
_b
Routledge
_c
2025
942
_c
TEXL
999
_c
1715208
_d
1715208